Empirical investigation of the factors affecting SET results

Výskum faktorov ovplyvňujúcich SET (student evaluation of teaching) - hodnotenie vyučovania študentami, na základe výsledkov 170 hodnotení od študentov v Singapúre. Hodnotenie prostredníctvom premenných veličín: charakteristika vyuč. predmetu, charakteristika triedy, charakteristika hodnotenia a cha...

Celý popis

Podrobná bibliografia
Hlavní autori: Koh, Hian Chye (Autor), Tan, Teck Meng (Autor)
Médium: Článok
Jazyk:angličtina
Predmet:

MARC

LEADER 00000nab a2200000 a 4500
001 vtls001502717
003 SK-MaSNL
005 20260304051143.0
008 050227s1997 xo 000 0 eng
035 |a SPKCL5044 
040 |a SPKCL  |b slo  |c SNKBUCL  |d ÚIP-SPK(MH)  |e AACR2 
041 |a eng 
044 |a xo  |c SK 
080 |a 371.136.3:371.32  |2 1981 
100 1 |a Koh, Hian Chye  |4 aut  |9 1332933 
245 1 0 |a Empirical investigation of the factors affecting SET results  |c Hian Chye Koh; Teck Meng Tan 
520 |a Výskum faktorov ovplyvňujúcich SET (student evaluation of teaching) - hodnotenie vyučovania študentami, na základe výsledkov 170 hodnotení od študentov v Singapúre. Hodnotenie prostredníctvom premenných veličín: charakteristika vyuč. predmetu, charakteristika triedy, charakteristika hodnotenia a charakteristika učiteľa. 
651 7 |a Singapur  |2 snkbucl  |9 19967 
700 1 1 |a Tan, Teck Meng  |4 aut  |9 1332934 
773 1 |t The International Journal of Educational Management  |g Roč. 11, č. 4 (1997) s. 170-178 
850 |a Slovenská pedagogická knižnica Bratislava 
852 |a SPKCL  |b KIS3GCP  |b 000710000  |n SK 
999 |c 2702136  |d 2704066